000 00291nam a2200109Ia 4500
008 220216s9999 xx 000 0 und d
245 0 _aCash crunch in Rubber Board: Stakeholders seek quick relief
260 _bRubber India
_c2019
300 _a42
650 _aRubber Board news
942 _cJS
999 _c55211
_d55211